| 000 | 00796nam a22002297a 4500 | ||
|---|---|---|---|
| 005 | 20240530110956.0 | ||
| 008 | 220214s2008 ua g 000 0 ara d | ||
| 040 |
_aEG-CaGPL _cEG-CaGPL |
||
| 082 | 0 | 4 |
_221 _a920.06 / _bع ش |
| 100 | 0 | _aعايدة العزب موسى | |
| 245 | 1 | 2 |
_aشخصيات افريقية فى السياسة والفن / _cعايدة العزب موسى |
| 250 | _aط. 1 | ||
| 260 |
_aالقاهرة : _bمكتبة الشروق الدولية، _c2008 |
||
| 300 |
_a173 ص. ؛ _c24 سم. |
||
| 650 | 0 | 7 |
_2qrmak _aزعماء افريقيا |
| 650 | 0 | 7 |
_2qrmak _zافريقيا |
| 650 | 0 | 7 |
_2qrmak _aفنانوا _zافريقيا |
| 650 | 0 | 7 |
_2qrmak _aنلسون مانديلا |
| 651 | _2qrmak | ||
| 942 |
_2ddc _cBK |
||
| 999 |
_c67089 _d67089 |
||